000 00551nam a2200217Ia 4500
003 OSt
005 20220411162527.0
008 210210b2016 xxu||||| |||| 00| 0 eng d
020 _a9788184739183
040 _aAL
_c
041 _aeng
082 _a612 VENB
100 _aVENKATESH (D)
_929361
245 _aBasics of medical physiology Ed 3
260 _aNew Delhi
_bLippincott Williams & Wilkins
_c2016
300 _aix,442
690 _aMedical Physiology
_929368
700 _aSUDHAKAR (H H)
_929369
906 _a071026
942 _2ddc
_cBK
999 _c120428
_d120428